| 000 | 00414cam a2200181ua 4500 | ||
|---|---|---|---|
| 020 | _c45.00 | ||
| 041 |
_aeng _h |
||
| 082 |
_a531 _bMAT/ME |
||
| 100 | _aMathur, D S . | ||
| 245 |
_aMechanics / _cD S Mathur. _hTextual Documents |
||
| 250 |
_a1 / _b. |
||
| 260 |
_aNew Delhi : _bS.Chand and Co , _c1985. |
||
| 300 | _a818 ; . | ||
| 365 | _a45.00 | ||
| 504 | _a | ||
| 942 | _cBK | ||
| 999 |
_c10244 _d10244 |
||